| 000 | 00557nam a2200193 i 4500 | ||
|---|---|---|---|
| 001 | bg | ||
| 100 | 1 | _aGORGEN, Kurt | |
| 245 | 0 |
_aMechanik und Festigkeitslehre / _cKurt Georgen, Alfred Tiedke. |
|
| 260 |
_aMünchen : _bHanser Verlag, _c1965. |
||
| 300 | _as. 200 264 Bildern, 8 Tafeln u. 100 Berechnungsbeispielen. | ||
| 490 | 1 | _aDas Fachwissen des Technikers | |
| 700 | 1 | _aTIEDKE, Alfred | |
| 830 | _aDas Fachwissen des Technikers | ||
| 040 | _cBPK | ||
| 041 | _apol | ||
| 080 | _a539.4 | ||
| 942 | _cKS | ||
| 008 | s pl f |000 0 pol | ||
| 999 |
_c8516 _d8516 |
||
| 856 |
_uhttp://koha.tu.koszalin.pl/cgi-bin/koha/opac-detail.pl?biblionumber=8516 _yKatalog online BPK |
||